National Parks In Wyoming - Statistics

General Stats
  • This quiz has been taken 10 times
  • The average score is 3 of 6
Answer Stats
Type Answer % Correct
NP Yellowstone
100%
NP Grand Teton
86%
NM Devils Tower
71%
NHS Fort Laramie
14%
NM Fossil Butte
14%
PKWY John D. Rockefeller, Jr.
0%
No matching quizzes found
Score Distribution
Percent of People with Each Score
Percentile by Number Answered
Your Score History
You have not taken this quiz